00386nmm a22001337a 450000500170000000800410001704100140005808200100007210000290008224500990011126000090021065000150021965000180023420170209141457.0150727b xxu||||| |||| 00| 0 spa d aEspañol aSE 10 aTorres Valerín, Dayana aInforme de Práctica Supervisada realizado en la Junta Administrativa de Servicio Eléctrico c2014 aCOSTA RICA aBASE DE DATOS